UK Drama 1990's cast (ITV) Quiz Stats

 Plays Quiz not verified by Sporcle

Challenge
Share
Tweet
Embed
Score 0/100 Timer 15:00
0 Plays Today
Hint Answer % Correct
A Touch of FrostDavid Jason
85.3%
Jeeves and WoosterStephen Fry
82.4%
CrackerRobbie Coltrane
82.4%
Jeeves and WoosterHugh Laurie
82.4%
Cold FeetJames Nesbitt
81.8%
The Darling Buds of MayDavid Jason
80.9%
Soldier SoldierRobson Green
79.4%
Kavanagh QCJohn Thaw
79.4%
Touching EvilRobson Green
78.8%
Cold FeetJohn Thomson
75.8%
SharpeSean Bean
73.5%
HeartbeatNick Berry
73.5%
Midsomer MurdersJohn Nettles
72.7%
Prime SuspectHelen Mirren
70.6%
Soldier SoldierJerome Flynn
70.6%
CrackerBarbara Flynn
70.6%
Cold FeetHermione Norris
69.7%
Cold FeetHelen Baxendale
69.7%
Cold FeetFay Ripley
69.7%
Where the Heart IsPam Ferris
67.6%
The Darling Buds of MayPam Ferris
66%
CadfaelDerek Jacobi
63.8%
The Fortunes and Misfortunes of Moll FlandersAlex Kingston
63.6%
The Darling Buds of MayCatherine Zeta Jones
61.7%
CrackerChristopher Eccleston
58.8%
Peak PracticeAmanda Burton
58.8%
HeartbeatNiamh Cusack
58.8%
Band of GoldGeraldine James
58.8%
Always and EveryoneNiamh Cusack
57.6%
HeartbeatDerek Fowlds
55.3%
WycliffeJack Shepherd
52.9%
Cold FeetRobert Bathurst
51.5%
Peak PracticeKevin Whately
50%
Peak PracticeSimon Shepherd
50%
Hint Answer % Correct
Prime SuspectTom Bell
50%
Where the Heart IsSarah Lancashire
50%
ChancerSimon Shepherd
48.5%
CrackerGeraldine Somerville
47.1%
Band of GoldCathy Tyson
47.1%
BramwellJemma Redgrave
41.2%
The Darling Buds of MayPhilip Franks
40.4%
The GovernorJanet McTeer
39.4%
HeartbeatMark Jordon
38.3%
CrackerLorcan Cranitch
38.2%
Perfect ScoundrelsPeter Bowles
38.2%
The ChiefMartin Shaw
38.2%
Band of GoldSamantha Morton
38.2%
Always and EveryoneMartin Shaw
36.4%
The ViceKen Stott
36.4%
Class ActJohn Bowe
35.3%
Prime SuspectJohn Bowe
35.3%
Band of GoldBarbara Dickson
35.3%
El CIDAlfred Molina
34%
The ViceCaroline Catz
33.3%
Gone to the DogsWarren Clarke
33.3%
Gone to SeedWarren Clarke
33.3%
ChancerClive Owen
30.3%
The ViceMarc Warren
30.3%
Doctor FinlayAnnette Crosbie
29.4%
MedicsTom Baker
29.4%
HeartbeatWilliam Simons
27.7%
MaigretMichael Gambon
24.2%
CadfaelMichael Culver
23.5%
Soldier SoldierGary Love
23.5%
Doctor FinlayIan Bannen
23.5%
Doctor FinlayDavid Rintoul
23.5%
The ChiefTim Pigott-Smith
23.5%
The ViceTim Pigott-Smith
21.2%
Hint Answer % Correct
The Fortunes and Misfortunes of Moll FlandersDaniel Craig
21.2%
Gone to the DogsAlison Steadman
21.2%
Gone to SeedAlison Steadman
21.2%
Gone to SeedSheila Hancock
21.2%
The GovernorDerek Martin
21.2%
Class ActJoanna Lumley
20.6%
Peak PracticeGary Mavers
20.6%
HornblowerRobert Lindsay
20.6%
MedicsSue Johnston
20.6%
El CIDJohn Bird
19.1%
HornblowerIaon Gruffudd
19.1%
ChancerLeslie Phillips
18.2%
The Fortunes and Misfortunes of Moll FlandersDiana Rigg
18.2%
Gone to SeedPeter Cook
18.2%
BramwellDavid Calder
17.6%
Perfect ScoundrelsBryan Murray
17.6%
Midsomer MurdersDaniel Casey
15.2%
Gone to the DogsHarry Enfield
15.2%
CadfaelTerrence Hardiman
14.7%
Class ActNadine Garner
14.7%
A Touch of FrostBruce Alexander
14.7%
Kavanagh QCLisa Harrow
14.7%
Kavanagh QCOliver Ford Davies
14.7%
BramwellRobert Hardy
14.7%
Gone to the DogsJim Broadbent
12.1%
Gone to SeedJim Broadbent
12.1%
Soldier SoldierLesley Vickerage
11.8%
MedicsJames Gaddas
11.8%
Trial and RetributionKate Buffery
9.1%
Trial and RetributionDavid Hayman
6.1%
CadfaelJulian Firth
5.9%
A Touch of FrostJohn Lyons
5.9%

You're not logged in!

Compare scores with friends on all Sporcle quizzes.
Join for Free
OR
Log In

You Might Also Like...

Show Comments

Extras

Created Apr 18, 2016ReportFavoriteNominate
Tags:1990, itv

Top Quizzes Today


Score Distribution

Your Account Isn't Verified!

In order to create a playlist on Sporcle, you need to verify the email address you used during registration. Go to your Sporcle Settings to finish the process.

Report this User

Report this user for behavior that violates our Community Guidelines.

Details: